[Event "V MTSz Klubu Polonia Wroclaw"]
[Site "Wroclaw"]
[Date "2010.06.30"]
[Round "6"]
[White "Krejci, Jan"]
[Black "Feuerstack, Aljoscha"]
[Result "1/2-1/2"]
[WhiteElo "2455"]
[BlackElo "2371"]
[PlyCount "84"]
[EventDate "2010.??.??"]

1. e4 c6 2. d4 d5 3. Nc3 dxe4 4. Nxe4 Bf5 5. Nc5 b6 6. Nb3 e6 7. Nf3 Bd6 8. g3
Ne7 9. Bg2 h6 10. O-O Nd7 11. Re1 O-O 12. Qe2 a5 13. a4 Nd5 14. c3 Qc7 15. Nbd2
Qb7 16. Nc4 Bc7 17. Nfe5 N7f6 18. Ne3 Bh7 19. N3g4 Bd8 20. Bd2 Rc8 21. c4 Nxg4
22. Qxg4 Nb4 23. Bxb4 axb4 24. Nxc6 Rxc6 25. Qf3 Bf6 26. Qxc6 Qxc6 27. Bxc6
Bxd4 28. Re2 Rc8 29. Bb5 b3 30. Rd1 e5 31. Red2 Rd8 32. Kf1 Bc2 33. Re1 Rc8 34.
Rxd4 exd4 35. Ke2 f6 36. Kd2 Kf7 37. Bd7 Rc7 38. Be6+ Kf8 39. Bd5 Ra7 40. Bc6
Re7 41. Ra1 Ra7 42. Re1 Re7 1/2-1/2

[Event "V MTSz Klubu Polonia Wroclaw"]
[Site "Wroclaw"]
[Date "2010.06.30"]
[Round "6"]
[White "Solys, Laimutis"]
[Black "Sieciechowicz, Marcin"]
[Result "1-0"]
[WhiteElo "2305"]
[BlackElo "2427"]
[PlyCount "49"]
[EventDate "2010.??.??"]

1. d4 d5 2. c4 c6 3. Nf3 Nf6 4. Qb3 dxc4 5. Qxc4 Bf5 6. g3 e6 7. Bg2 Nbd7 8.
O-O Be7 9. Nc3 O-O 10. Qb3 Qb6 11. Nd2 Qxd4 12. Qxb7 Rab8 13. Qxc6 Ne5 14. Qa6
Qd7 15. Nf3 Nxf3+ 16. Bxf3 Rfc8 17. Rd1 Qc7 18. Be3 Rxb2 19. Nb5 Qc4 20. Rac1
Bc2 21. Rd4 Qc5 22. Nxa7 Rc7 23. Rd8+ Bxd8 24. Bxc5 Rxc5 25. Qa3 1-0

[Event "V MTSz Klubu Polonia Wroclaw"]
[Site "Wroclaw"]
[Date "2010.06.30"]
[Round "6"]
[White "Zawadzka, Jolanta"]
[Black "Paikidze, Nazi"]
[Result "0-1"]
[WhiteElo "2415"]
[BlackElo "2317"]
[PlyCount "86"]
[EventDate "2010.??.??"]

1. e4 c6 2. d4 d5 3. e5 Bf5 4. Nd2 e6 5. Nb3 Nd7 6. Nf3 a6 7. Be2 c5 8. dxc5
Bxc5 9. Nxc5 Nxc5 10. O-O Ne7 11. Re1 O-O 12. b3 Qc7 13. Bb2 Rfd8 14. Rc1 b5
15. Qd2 h6 16. Qe3 Be4 17. Nd4 Rac8 18. f3 Bh7 19. Ba3 Nf5 20. Nxf5 Bxf5 21.
Red1 Nd7 22. Be7 Re8 23. Bd6 Qc3 24. Bd3 Nc5 25. Bxc5 Rxc5 26. Qf4 g5 27. Qe3
Rec8 28. h4 d4 29. Qf2 Rxe5 30. hxg5 Bxd3 31. cxd3 Qxc1 32. Rxc1 Rxc1+ 33. Kh2
Rxg5 34. g4 e5 35. Qd2 Rc3 36. Qe2 h5 37. Qe4 hxg4 38. fxg4 Kg7 39. Kh3 Rc8 40.
Kh4 Kf6 41. Qf3+ Kg6 42. Qe4+ f5 43. gxf5+ Kf6 0-1

[Event "V MTSz Klubu Polonia Wroclaw"]
[Site "Wroclaw"]
[Date "2010.06.30"]
[Round "6"]
[White "Zeberski, Jakub"]
[Black "Wieczorek, Oskar"]
[Result "0-1"]
[WhiteElo "2403"]
[BlackElo "2305"]
[PlyCount "48"]
[EventDate "2010.??.??"]

1. e4 c5 2. Nf3 d6 3. Bc4 Nf6 4. d3 Nc6 5. c3 e6 6. O-O Be7 7. Bb3 O-O 8. Nbd2
b5 9. Re1 Bb7 10. Nf1 Qc7 11. Ng3 d5 12. e5 Nd7 13. d4 Rae8 14. Nh5 cxd4 15.
cxd4 f6 16. exf6 Bxf6 17. Bf4 Qd8 18. Nxf6+ gxf6 19. Rxe6 Rxe6 20. Bxd5 Nxd4
21. Qxd4 Bxd5 22. Qxd5 Rfe8 23. Nd4 Nf8 24. Qxd8 Re1+ 0-1

[Event "V MTSz Klubu Polonia Wroclaw"]
[Site "Wroclaw"]
[Date "2010.06.30"]
[Round "6"]
[White "Sadzikowski, Daniel"]
[Black "Dobrowolski, Piotr"]
[Result "1/2-1/2"]
[WhiteElo "2258"]
[BlackElo "2397"]
[PlyCount "69"]
[EventDate "2010.??.??"]

1. e4 c5 2. Nf3 d6 3. d4 cxd4 4. Nxd4 Nf6 5. Nc3 Nc6 6. Bg5 e6 7. Qd2 a6 8.
O-O-O Bd7 9. f4 b5 10. Bxf6 gxf6 11. Kb1 Qb6 12. Nce2 h5 13. g3 h4 14. Bg2
O-O-O 15. Nxc6 Qxc6 16. Nd4 Qb6 17. Rhe1 hxg3 18. hxg3 Be7 19. Re3 Kb8 20. Rb3
Rc8 21. a4 Rh2 22. axb5 axb5 23. Qe2 Rc5 24. Qf1 Kc7 25. Qg1 Rh8 26. Bf1 Ra8
27. c3 Ra4 28. Qe3 Qa5 29. Nc2 Bc6 30. Rb4 Qa8 31. Rxa4 bxa4 32. Rd4 Bb7 33.
Ka1 Qa5 34. Na3 d5 35. Bg2 1/2-1/2

[Event "V MTSz Klubu Polonia Wroclaw"]
[Site "Wroclaw"]
[Date "2010.06.30"]
[Round "6"]
[White "Laurusas, Tomas"]
[Black "Strzemiecki, Zbigniew"]
[Result "1-0"]
[WhiteElo "2222"]
[BlackElo "2381"]
[PlyCount "75"]
[EventDate "2010.??.??"]

1. d4 Nf6 2. c4 g6 3. Nc3 d5 4. Nf3 Bg7 5. e3 O-O 6. b4 Bg4 7. Qb3 Bxf3 8. gxf3
dxc4 9. Bxc4 Nbd7 10. f4 Nb6 11. Be2 Nbd5 12. Bf3 c6 13. Bd2 Qd7 14. O-O h6 15.
Ne2 g5 16. e4 Nxf4 17. Nxf4 gxf4 18. Bxf4 Nh7 19. Rad1 a5 20. a3 a4 21. Qe3 Qh3
22. Bg3 Rad8 23. Bg2 Qe6 24. e5 f6 25. f4 fxe5 26. dxe5 Qb3 27. Qxb3+ axb3 28.
Rxd8 Rxd8 29. Rb1 Rd3 30. Bf1 Rd4 31. Rxb3 Nf8 32. Rd3 Ne6 33. Kf2 Kf7 34. f5
Rf4+ 35. Bxf4 Nxf4 36. Rd7 Bxe5 37. Rxb7 Kf6 38. a4 1-0

[Event "V MTSz Klubu Polonia Wroclaw"]
[Site "Wroclaw"]
[Date "2010.06.30"]
[Round "6"]
[White "Aliavdin, Nikolai"]
[Black "Bakalarz, Mietek"]
[Result "1-0"]
[WhiteElo "2367"]
[BlackElo "2305"]
[PlyCount "99"]
[EventDate "2010.??.??"]

1. d4 Nf6 2. c4 d6 3. Nf3 Nbd7 4. g3 e5 5. Bg2 c6 6. Nc3 e4 7. Ng5 d5 8. cxd5
cxd5 9. f3 h6 10. Nh3 exf3 11. exf3 Be7 12. O-O O-O 13. Nf4 Nb6 14. a4 Bf5 15.
Re1 Bb4 16. Qb3 a5 17. Re5 Qc8 18. Bf1 Rd8 19. Nd3 Nc4 20. Re1 Bxd3 21. Bxd3
Ra6 22. Re2 Re6 23. Bf5 Bxc3 24. Qxc3 Rxe2 25. Bxc8 Rxc8 26. g4 g5 27. Qd3 Rce8
28. b3 Re1+ 29. Kf2 Nd6 30. Bb2 R1e6 31. Bc3 b6 32. Re1 Nh7 33. Rxe6 Rxe6 34.
Qa6 Kg7 35. Bb2 Nf6 36. Ba3 Nde8 37. Qc8 Nd6 38. Qd8 Nde8 39. Qc8 Nd6 40. Bxd6
Rxd6 41. Ke2 Re6+ 42. Kd2 Ng8 43. Qc7 Ne7 44. Qd7 Kf6 45. Qb5 Kg7 46. Qd7 Kf6
47. Qd8 Kg7 48. Kd1 Kg6 49. Qf8 Re3 50. Kd2 1-0

[Event "V MTSz Klubu Polonia Wroclaw"]
[Site "Wroclaw"]
[Date "2010.06.30"]
[Round "6"]
[White "Sokalsky, Alexander"]
[Black "Schneider, Veronika"]
[Result "1-0"]
[WhiteElo "2217"]
[BlackElo "2339"]
[PlyCount "72"]
[EventDate "2010.??.??"]

1. Nf3 Nf6 2. b3 d5 3. Bb2 Bg4 4. e3 Nbd7 5. Be2 e6 6. h3 Bh5 7. O-O Bd6 8. c4
c6 9. d4 O-O 10. Nbd2 h6 11. Ne5 Bxe2 12. Qxe2 Bb4 13. Ndf3 Ne4 14. c5 Ba5 15.
a3 Bc7 16. b4 a5 17. Rfc1 f6 18. Ng6 Re8 19. b5 Kh7 20. Nfh4 Nf8 21. Nxf8+ Rxf8
22. b6 Bb8 23. a4 g5 24. Nf3 Qe8 25. Nd2 Nxd2 26. Qxd2 Qg6 27. Rf1 g4 28. hxg4
Qxg4 29. f4 Rg8 30. Rae1 Qf5 31. Rf2 Rg4 32. Bc1 Qg6 33. Qc2 f5 34. Qe2 h5 35.
Rf3 Kg7 36. Rh3 Kf7 {zapis nieczytelny} 1-0

[Event "V MTSz Klubu Polonia Wroclaw"]
[Site "Wroclaw"]
[Date "2010.06.30"]
[Round "6"]
[White "Daulyte, Deimante"]
[Black "Bartel, Michal"]
[Result "0-1"]
[WhiteElo "2334"]
[BlackElo "2287"]
[PlyCount "88"]
[EventDate "2010.??.??"]

1. e4 e5 2. Nf3 Nc6 3. Bb5 a6 4. Ba4 Nf6 5. O-O Be7 6. Re1 b5 7. Bb3 d6 8. c3
O-O 9. h3 Nb8 10. d4 Nbd7 11. Nbd2 Bb7 12. Bc2 Re8 13. Nf1 Bf8 14. Ng3 g6 15.
b3 c6 16. Bg5 h6 17. Be3 Qc7 18. Qd2 Kh7 19. Nh2 exd4 20. cxd4 c5 21. d5 Bg7
22. Rac1 Nb6 23. h4 h5 24. Bb1 Kh8 25. Bd4 Nc4 26. bxc4 cxd4 27. cxb5 Qb6 28.
bxa6 Bxa6 29. Rc6 Qb8 30. a4 Qb3 31. a5 Qa3 32. Nf3 d3 33. Rd1 Bb5 34. Rb6 Rxa5
35. Rxd6 Ng4 36. Qf4 Qb3 37. Rf1 Ra1 38. Nd2 Qb4 39. Rb6 Bh6 40. Qc7 Bxd2 41.
Bxd3 Rxf1+ 42. Bxf1 Qd4 43. Rxb5 Qxf2+ 44. Kh1 Be3 0-1

[Event "V MTSz Klubu Polonia Wroclaw"]
[Site "Wroclaw"]
[Date "2010.06.30"]
[Round "6"]
[White "Bures, Jaroslav"]
[Black "Obrusnik, Michal"]
[Result "1/2-1/2"]
[WhiteElo "2327"]
[BlackElo "2184"]
[PlyCount "101"]
[EventDate "2010.??.??"]

1. e4 c5 2. Nc3 a6 3. Nf3 b5 4. d4 cxd4 5. Nxd4 Bb7 6. Bd3 Nc6 7. Nxc6 Bxc6 8.
O-O b4 9. Nd5 e6 10. Re1 Bc5 11. Be3 Bxe3 12. Rxe3 Bxd5 13. exd5 Nf6 14. dxe6
dxe6 15. Qd2 a5 16. Rh3 Qd5 17. Qf4 Rd8 18. Rd1 h6 19. Qc7 Rd7 20. Qf4 Ke7 21.
Rg3 g5 22. Qc1 Nh5 23. Rf3 Nf4 24. Rxf4 gxf4 25. Qxf4 Rg8 26. g3 Qg5 27. Qc4
Qd5 28. Qh4+ Qg5 29. Qc4 h5 30. h4 Qd5 31. Qa6 Qc5 32. Kg2 Rgd8 33. Re1 Ra7 34.
Qb5 Qxb5 35. Bxb5 Rd5 36. Bd3 Rc7 37. Re2 f5 38. f4 Kf6 39. Kf3 Rc6 40. Kf2 e5
41. fxe5+ Rxe5 42. Rd2 Rd6 43. Rd1 Rd4 44. Kf3 Re7 45. Rf1 Rg7 46. Ke3 Rd5 47.
Rf3 Re5+ 48. Kf2 Rg4 49. Kf1 Rg7 50. Kf2 Rg4 51. Kf1 1/2-1/2

[Event "V MTSz Klubu Polonia Wroclaw"]
[Site "Wroclaw"]
[Date "2010.06.30"]
[Round "6"]
[White "Czyz, Artur"]
[Black "Stoma, Pawel"]
[Result "0-1"]
[WhiteElo "2061"]
[BlackElo "2309"]
[PlyCount "66"]
[EventDate "2010.??.??"]

1. e4 c5 2. Nf3 Nc6 3. d4 cxd4 4. Nxd4 Qc7 5. c4 Nf6 6. Nc3 Nxe4 7. Nxe4 Qe5 8.
Be3 Qxe4 9. Nb5 Qe5 10. Bd3 a6 11. Nc3 e6 12. O-O Be7 13. Qd2 O-O 14. f4 Qc7
15. f5 Ne5 16. f6 Ng4 17. Rf4 Nxf6 18. Raf1 Nh5 19. Rf5 exf5 20. Nd5 Qd6 21.
Rxf5 g6 22. Qf2 f6 23. c5 Qe6 24. Bc4 Kh8 25. Rf3 b5 26. Bb3 Bb7 27. Nb6 Qe4
28. Bc2 Qe6 29. Bb3 Qg4 30. h3 Qe4 31. Bd4 Qb1+ 32. Kh2 Bxf3 33. Qxf3 Qf5 0-1

[Event "V MTSz Klubu Polonia Wroclaw"]
[Site "Wroclaw"]
[Date "2010.06.30"]
[Round "6"]
[White "Krzyzanowski, Marcin"]
[Black "Leks, Hanna"]
[Result "1-0"]
[WhiteElo "2377"]
[BlackElo "2165"]
[PlyCount "133"]
[EventDate "2010.??.??"]

1. e4 e5 2. Nf3 Nf6 3. Nxe5 d6 4. Nf3 Nxe4 5. Nc3 Nxc3 6. dxc3 Be7 7. Be3 Be6
8. Qd2 Nc6 9. O-O-O Qd7 10. Kb1 a6 11. h4 O-O-O 12. h5 h6 13. Be2 Ne5 14. Nxe5
dxe5 15. Qxd7+ Rxd7 16. Rxd7 Kxd7 17. g4 f6 18. c4 Rd8 19. c3 c5 20. b3 Kc7 21.
Rg1 Bd6 22. Bd3 Bd7 23. Be4 a5 24. Kc2 Ra8 25. a3 Rd8 26. f3 b6 27. Rb1 Rb8 28.
Kd3 Be7 29. Bf2 Bd6 30. b4 Be8 31. Be3 Bd7 32. Rb2 Be8 33. Bd5 Bd7 34. Ke4 Kc8
35. f4 exf4 36. Bxf4 Bxf4 37. Kxf4 Kc7 38. Rb1 Re8 39. bxa5 bxa5 40. Rb7+ Kd6
41. Rb6+ Kc7 42. Ra6 a4 43. Be4 Re5 44. Ra7+ Kd6 45. Bf5 Bxf5 46. gxf5 Re1 47.
Ra6+ Ke7 48. Rxa4 Rh1 49. Ra7+ Kf8 50. Ke4 Rxh5 51. Ra8+ Ke7 52. a4 Kd6 53.
Ra6+ Kc7 54. a5 Rh4+ 55. Kd5 Rf4 56. Ra7+ Kb8 57. Rxg7 Rxf5+ 58. Kc6 Rf1 59.
Rh7 Rh1 60. Kb6 Rb1+ 61. Kxc5 Rh1 62. Kb6 Rb1+ 63. Ka6 Rh1 64. c5 h5 65. c6 h4
66. c7+ Kc8 67. Kb6 1-0

[Event "V MTSz Klubu Polonia Wroclaw"]
[Site "Wroclaw"]
[Date "2010.06.30"]
[Round "6"]
[White "Kuchynka, Lukas"]
[Black "Sabuk, Piotr"]
[Result "0-1"]
[WhiteElo "2334"]
[BlackElo "2193"]
[PlyCount "60"]
[EventDate "2010.??.??"]

1. e4 e5 2. Nf3 Nc6 3. Bb5 a6 4. Ba4 Nf6 5. O-O Be7 6. Re1 b5 7. Bb3 d6 8. a4
Bb7 9. d3 O-O 10. Nc3 Na5 11. Ba2 Qd7 12. Bd2 bxa4 13. Nxa4 Nc6 14. Nc3 Kh8 15.
Bc4 Ng8 16. Nd5 f5 17. Nxe7 Ncxe7 18. Ng5 fxe4 19. dxe4 Nf6 20. Nf7+ Rxf7 21.
Bxf7 Nxe4 22. f3 Nf6 23. Bc4 Nf5 24. Bd3 Nh4 25. Bg5 Nxg2 26. Kxg2 Qg4+ 27. Kf2
Qxg5 28. Ra4 Rf8 29. Rg1 Qh5 30. Kg2 Ng4 0-1

[Event "V MTSz Klubu Polonia Wroclaw"]
[Site "Wroclaw"]
[Date "2010.06.30"]
[Round "6"]
[White "Lach, Aleksandra"]
[Black "Szczepkowska-Horowska, Karina"]
[Result "0-1"]
[WhiteElo "2179"]
[BlackElo "2297"]
[PlyCount "114"]
[EventDate "2010.??.??"]

1. e4 e5 2. Nf3 Nc6 3. Bb5 a6 4. Ba4 Nf6 5. O-O Be7 6. Re1 b5 7. Bb3 O-O 8. c3
d6 9. d4 Bg4 10. Be3 exd4 11. cxd4 Na5 12. Bc2 c5 13. dxc5 dxc5 14. Nc3 Nc4 15.
e5 Qxd1 16. Raxd1 Bxf3 17. exf6 Bxd1 18. fxe7 Bxc2 19. exf8=Q+ Kxf8 20. Bxc5+
Kg8 21. Nd5 h6 22. Nb4 Bg6 23. Bd4 Kh7 24. a3 Rd8 25. Bc3 Rd6 26. f4 a5 27. Na2
Nxb2 28. Bxa5 Ra6 29. Bb4 Nd3 30. Re2 Nxf4 31. Rd2 Nd3 32. h4 Nxb4 33. axb4 Ra3
34. Rb2 Bd3 35. Kf2 Bc4 36. Nc1 Kg6 37. Rd2 Rc3 38. Rd1 Kh5 39. g3 Kg4 40. Rd4+
Kf5 41. Rd1 g5 42. hxg5 hxg5 43. Re1 Rc2+ 44. Ke3 Kg4 45. Rg1 Rc3+ 46. Ke4 f5+
47. Ke5 Re3+ 48. Kf6 Re6+ 49. Kg7 Ra6 50. Rg2 Kf3 51. Rc2 Kxg3 52. Ne2+ Bxe2
53. Rxe2 f4 54. Re5 g4 55. Rxb5 f3 56. Rf5 Rb6 57. b5 f2 0-1

[Event "V MTSz Klubu Polonia Wroclaw"]
[Site "Wroclaw"]
[Date "2010.06.30"]
[Round "6"]
[White "Orzechowski, Jacek"]
[Black "Goluch, Piotr"]
[Result "1-0"]
[WhiteElo "2283"]
[BlackElo "2139"]
[PlyCount "101"]
[EventDate "2010.??.??"]

1. Nf3 Nf6 2. c4 c5 3. Nc3 Nc6 4. e3 g6 5. d4 Bg7 6. d5 Nb8 7. e4 d6 8. h3 O-O
9. Bd3 e6 10. O-O a6 11. Bg5 h6 12. Be3 e5 13. Qd2 Kh7 14. Rab1 Nbd7 15. g4 g5
16. Nh2 Rg8 17. f4 gxf4 18. Bxf4 Nh5 19. Be3 Nf4 20. Rf3 Qh4 21. Ne2 Nxh3+ 22.
Kg2 Ng5 23. Rg3 f5 24. exf5 Nf6 25. Bxg5 Qxg5 26. Qxg5 hxg5 27. Nf3 Bh6 28. Nc3
Kg7 29. Rh1 Bd7 30. Nd2 b5 31. Nde4 Rgf8 32. Nxf6 Rxf6 33. Ne4 Raf8 34. Nxf6
Rxf6 35. Rgh3 b4 36. a3 a5 37. axb4 axb4 38. Kf3 Be8 39. Ke4 Bd7 40. Bc2 Be8
41. Ra1 Kg8 42. Ra8 Kf7 43. Rh1 Bf8 44. Rh7+ Kg8 45. Rh1 Bd7 46. Rd8 Rf7 47.
Rh5 Kg7 48. Rxg5+ Kf6 49. Rh5 Ke7 50. Ra8 Rg7 51. g5 1-0

[Event "V MTSz Klubu Polonia Wroclaw"]
[Site "Wroclaw"]
[Date "2010.06.30"]
[Round "6"]
[White "Setkauskas, Vaidas"]
[Black "Zmarzly, Aleksandra"]
[Result "1/2-1/2"]
[WhiteElo "2246"]
[BlackElo "2026"]
[PlyCount "67"]
[EventDate "2010.??.??"]

1. e4 c5 2. Nf3 d6 3. d4 cxd4 4. Nxd4 Nf6 5. Nc3 a6 6. Bg5 e6 7. f4 h6 8. Bh4
Be7 9. Qf3 Qc7 10. O-O-O Nbd7 11. Bd3 g5 12. fxg5 Ne5 13. Qe2 Nfg4 14. Kb1 hxg5
15. Bg3 Nxd3 16. Qxg4 Ne5 17. Bxe5 dxe5 18. Qg3 b5 19. h4 b4 20. Nce2 Bb7 21.
hxg5 Rxh1 22. Rxh1 O-O-O 23. Nf3 Bxe4 24. Rc1 Qc4 25. Qf2 Rd1 26. Ne1 Rxc1+ 27.
Nxc1 Bxg5 28. Qxf7 Bxc1 29. Kxc1 Bf5 30. Qf8+ Kd7 31. Qg7+ Kd6 32. Qf8+ Kd7 33.
Qf7+ Kd6 34. Qf8+ 1/2-1/2

[Event "V MTSz Klubu Polonia Wroclaw"]
[Site "Wroclaw"]
[Date "2010.06.30"]
[Round "6"]
[White "Warakomska, Anna"]
[Black "Poznanska, Katarzyna"]
[Result "0-1"]
[WhiteElo "2192"]
[BlackElo "2068"]
[PlyCount "80"]
[EventDate "2010.??.??"]

1. e4 c5 2. Nf3 a6 3. Nc3 e6 4. d4 cxd4 5. Nxd4 b5 6. Bd3 Qb6 7. Nb3 Qc7 8. O-O
Bb7 9. f4 d6 10. Qf3 Nf6 11. a3 Nbd7 12. Qg3 h5 13. Bd2 h4 14. Qh3 Nc5 15. Nxc5
dxc5 16. e5 c4 17. Bg6 Bc5+ 18. Kh1 O-O-O 19. exf6 Rxd2 20. fxg7 Rg8 21. Be4 f5
22. Rae1 Rxg7 23. Bxb7+ Qxb7 24. Re2 Rxe2 25. Nxe2 Qe4 26. Nc3 Qxc2 27. Qf3 Kc7
28. Rd1 Rg8 29. Nd5+ exd5 30. Qxd5 Kb6 31. b4 cxb3 32. Qe6+ Ka5 33. Qe1+ Ka4
34. Rd4+ Kxa3 35. Rd2 Qxd2 36. Qxd2 b2 37. Qe1 Bb4 38. Qe3+ Ka4 39. Qd3 Rc8 40.
Qd1+ Ka5 0-1

[Event "V MTSz Klubu Polonia Wroclaw"]
[Site "Wroclaw"]
[Date "2010.06.30"]
[Round "6"]
[White "Lewicki, Miroslaw"]
[Black "Lach, Piotr"]
[Result "0-1"]
[WhiteElo "2094"]
[BlackElo "2164"]
[PlyCount "132"]
[EventDate "2010.??.??"]

1. e4 c5 2. Nf3 d6 3. d4 cxd4 4. Nxd4 Nf6 5. Nc3 a6 6. Be2 e5 7. Nb3 Be7 8. O-O
O-O 9. a4 Be6 10. Be3 Nbd7 11. Kh1 Qc7 12. Nd5 Bxd5 13. exd5 Nb6 14. Bxb6 Qxb6
15. a5 Qc7 16. f4 Nd7 17. f5 Bg5 18. Nd2 Bxd2 19. Qxd2 Nf6 20. g4 Qc5 21. c4
Ne4 22. Qc2 Qd4 23. Kg2 Nf6 24. h3 Rac8 25. Qd3 Rfe8 26. b3 Ne4 27. Rac1 Nd2
28. Rfd1 Qxd3 29. Bxd3 Nxb3 30. Rb1 Nxa5 31. Rb6 e4 32. Be2 Nxc4 33. Bxc4 Rxc4
34. Rxd6 Rc2+ 35. Kg3 Rc3+ 36. Kg2 Rc2+ 37. Kg3 e3 38. Re1 h6 39. Rb6 Rd2 40.
Rxb7 Rxd5 41. Ra7 a5 42. Kf3 Rde5 43. Re2 R8e7 44. Ra8+ Kh7 45. Ra6 Kg8 46.
Ra8+ Re8 47. Ra6 Kf8 48. Ra7 Kg8 49. Ra6 Kh7 50. Ra7 R8e7 51. Ra6 g6 52. fxg6+
fxg6 53. Kf4 h5 54. gxh5 Rxh5 55. Kg3 Re4 56. Kg2 Ree5 57. Kg3 Reg5+ 58. Kh2
Re5 59. Kg3 Rhf5 60. Kg2 Kh6 61. Kg3 Kg7 62. Kg2 Rf6 63. Ra7+ Rf7 64. Ra6 Rd7
65. Kf3 Rf7+ 66. Kg2 Rg5+ 0-1

[Event "V MTSz Klubu Polonia Wroclaw"]
[Site "Wroclaw"]
[Date "2010.06.30"]
[Round "6"]
[White "Goslawski, Michal"]
[Black "Otto, Andreas"]
[Result "1/2-1/2"]
[WhiteElo "2044"]
[BlackElo "2131"]
[PlyCount "132"]
[EventDate "2010.??.??"]

1. d4 Nf6 2. Nf3 c5 3. c4 g6 4. g3 b6 5. Bg2 Bb7 6. d5 b5 7. b3 bxc4 8. bxc4
Nxd5 9. Bb2 Nf6 10. Nbd2 Bg7 11. Rb1 Bc6 12. e4 O-O 13. e5 Ne4 14. O-O Nxd2 15.
Qxd2 Na6 16. Rfe1 Rb8 17. Bc3 Rxb1 18. Rxb1 Qa8 19. Ne1 Bxg2 20. Nxg2 Qe4 21.
Rc1 Nb8 22. Qd5 Qxd5 23. cxd5 Na6 24. Rb1 Rb8 25. Rxb8+ Nxb8 26. Ne3 f6 27. f4
fxe5 28. fxe5 d6 29. Nc4 Nd7 30. e6 Nb6 31. Nxb6 axb6 32. Bd2 b5 33. Kf1 Kf8
34. Ke2 Ke8 35. Ba5 Be5 36. Ke3 Kf8 37. Ke4 h5 38. Bd8 h4 39. gxh4 Bxh2 40. Kf3
b4 41. Ba5 Kg7 42. Kg4 Kf6 43. h5 gxh5+ 44. Kxh5 Ke5 45. Kg6 Kxd5 46. Kf7 Kc6
47. Kxe7 d5 48. Kf6 Bd6 49. Kf5 c4 50. Bd8 b3 51. axb3 cxb3 52. Bf6 Ba3 53. Kg6
Be7 54. Bb2 Kb5 55. Kf7 Bc5 56. Bd4 Bd6 57. Be5 Bb4 58. Bc3 Bc5 59. Bd4 Kc4 60.
Bxc5 Kxc5 61. e7 b2 62. e8=Q b1=Q 63. Qc8+ Kd4 64. Qh8+ Ke3 65. Qh6+ Kd4 66.
Qh8+ Ke3 1/2-1/2

[Event "V MTSz Klubu Polonia Wroclaw"]
[Site "Wroclaw"]
[Date "2010.06.30"]
[Round "6"]
[White "Szumilas, Piotr"]
[Black "Chrzaszcz, Malvina"]
[Result "1-0"]
[WhiteElo "2197"]
[BlackElo "2032"]
[PlyCount "83"]
[EventDate "2010.??.??"]

1. e4 c5 2. Nf3 d6 3. d4 cxd4 4. Nxd4 Nf6 5. Nc3 a6 6. Be3 e5 7. Nf3 Be7 8. Bc4
Be6 9. Bxe6 fxe6 10. Ng5 Qd7 11. Qf3 Nc6 12. Qh3 Nd4 13. O-O-O b5 14. Bxd4 exd4
15. Rxd4 e5 16. Rd2 b4 17. Nd5 Nxd5 18. exd5 Bxg5 19. Qh5+ g6 20. Qxg5 a5 21.
h4 Rf8 22. h5 Rf5 23. Qh6 g5 24. g4 Rf4 25. Qxg5 Rxg4 26. Qe3 a4 27. f3 Rg3 28.
Rg1 Qh3 29. Rxg3 Qxg3 30. Rd1 b3 31. cxb3 Qh2 32. Kb1 axb3 33. Qxb3 Qxh5 34.
Qb5+ Kf8 35. Rg1 Qf5+ 36. Ka1 Rc8 37. Qb7 Rd8 38. Qg7+ Ke8 39. Rh1 Qc2 40. Qxh7
Qg2 41. a3 Qd2 42. Qg7 1-0

[Event "V MTSz Klubu Polonia Wroclaw"]
[Site "Wroclaw"]
[Date "2010.06.30"]
[Round "6"]
[White "Kaczmarek, Maciej"]
[Black "Limontaite, Simona"]
[Result "0-1"]
[WhiteElo "2032"]
[BlackElo "2230"]
[PlyCount "68"]
[EventDate "2010.??.??"]

1. e4 c5 2. Nf3 Nc6 3. d4 cxd4 4. Nxd4 Nf6 5. Nc3 e5 6. Ndb5 d6 7. Bg5 a6 8.
Na3 b5 9. Bxf6 gxf6 10. Nd5 Bg7 11. Bd3 Ne7 12. Nxe7 Qxe7 13. c4 O-O 14. O-O f5
15. Qh5 bxc4 16. Nxc4 Rb8 17. exf5 e4 18. f6 Bxf6 19. Rae1 Rb5 20. Qd1 d5 21.
a4 dxc4 22. axb5 cxd3 23. f3 Qc5+ 24. Kh1 Qxb5 25. fxe4 Bxb2 26. Re3 Bg7 27.
Rxd3 Bg4 28. Qd2 Be6 29. Re1 Qh5 30. Rg3 Kh8 31. h3 Qh4 32. Rg5 Bf6 33. Ra5 Rd8
34. Qe2 Bc3 0-1

[Event "V MTSz Klubu Polonia Wroclaw"]
[Site "Wroclaw"]
[Date "2010.06.30"]
[Round "6"]
[White "Krawczyk, Andrzej"]
[Black "Hetzer, Volkhard"]
[Result "1-0"]
[WhiteElo "2137"]
[BlackElo "2063"]
[PlyCount "83"]
[EventDate "2010.??.??"]

1. e4 e5 2. Nf3 Nc6 3. Bc4 Nf6 4. d3 Be7 5. c3 O-O 6. Bb3 d6 7. Nbd2 Na5 8. Bc2
c5 9. O-O Nc6 10. Re1 h6 11. Nf1 Re8 12. Ng3 Bf8 13. h3 d5 14. Qe2 d4 15. Ba4
Bd7 16. c4 a6 17. Bxc6 Bxc6 18. Nf5 Kh7 19. g4 Ng8 20. Kh1 g6 21. Ng3 Bg7 22.
Rg1 Ne7 23. Nh4 Nc8 24. Ng2 Nd6 25. Kh2 b5 26. b3 a5 27. Bd2 a4 28. b4 bxc4 29.
dxc4 cxb4 30. Bxb4 Rc8 31. Rgc1 Rc7 32. Ba5 Qc8 33. Bxc7 Qxc7 34. Rab1 Rb8 35.
Qc2 Bf8 36. Rxb8 Qxb8 37. Ne1 Qa8 38. f3 Be7 39. Nd3 Bg5 40. Rb1 Qe8 41. Rb6
Bh4 42. Nb4 1-0

[Event "V MTSz Klubu Polonia Wroclaw"]
[Site "Wroclaw"]
[Date "2010.06.30"]
[Round "6"]
[White "Leks, Maria"]
[Black "Iwanow, Anna"]
[Result "1/2-1/2"]
[WhiteElo "1987"]
[BlackElo "2097"]
[PlyCount "78"]
[EventDate "2010.??.??"]

1. e4 e5 2. Nf3 Nc6 3. d4 exd4 4. Bc4 Nf6 5. e5 Ng4 6. Bd5 Ngxe5 7. Qe2 Qe7 8.
O-O Nxf3+ 9. Qxf3 Ne5 10. Qe4 c6 11. Bb3 d6 12. Qxd4 Qf6 13. Nd2 Be7 14. f4 Ng4
15. Qxf6 Nxf6 16. Re1 d5 17. c4 Be6 18. cxd5 Nxd5 19. Ne4 O-O-O 20. Bxd5 Bxd5
21. Nc3 Bc5+ 22. Be3 Bxe3+ 23. Rxe3 Be6 24. Re5 Rhe8 25. Rh5 h6 26. Ra5 Kb8 27.
Re1 b6 28. Rae5 Bd7 29. Kf2 Rxe5 30. fxe5 Be6 31. Ke3 a5 32. Rc1 Kb7 33. b3 c5
34. Rc2 c4 35. bxc4 Bxc4 36. Ne4 Be6 37. Nd6+ Ka6 38. a3 Rd7 39. Kd4 h5 1/2-1/2